000 00971cam a2200169 4500500
005 20260322004852.0
041 _afre
042 _adc
100 1 0 _aBentouhami-Molino, Hourya
_eauthor
700 1 0 _aCohen, Mathilde
_eauthor
245 0 0 _aIntroduction. Nourrir l’enfance, gouverner les corps
260 _c2026.
500 _a49
520 _aLa Chine semble être la grande gagnante du retrait américain d’Afghanistan. Elle peut combler le vide stratégique et renforcer son emprise sur le cœur de l’Eurasie. De plus, elle peut intégrer l’Afghanistan dans l’initiative « Belt and Road », en construisant des infrastructures en échange de l’exploitation des ressources minérales de ce pays dévasté. En bref, la perte des États-Unis est le gain de la Chine.
786 0 _nCahiers du Genre | 79 | 2 | 2026-01-20 | p. 5-22 | 1298-6046
856 4 1 _uhttps://shs.cairn.info/revue-cahiers-du-genre-2025-2-page-5?lang=fr&redirect-ssocas=7080
999 _c1743750
_d1743750